00000000nam 2200000zi 4500
0019.954442
003CaOODSP
00520251016162949
006m     o  d f      
007cr cn|||||||||
008250825e202509##oncbdo  ob   f000 0 eng d
020 |a9780660786278
040 |aCaOODSP|beng|erda|cCaOODSP
043 |an-cn-nu
0861 |aFs70-6/2025-038E-PDF
24500|aStock assessment of Belcher Islands-eastern Hudson Bay and James Bay beluga (Delphinapterus leucas) in 2024.
264 1|a[Ottawa] : |bCanadian Science Advisory Secretariat, |cSeptember 2025.
264 4|c©2025
300 |a1 online resource (14 pages) : |bmaps, graphs, photographs.
336 |atext|btxt|2rdacontent
337 |acomputer|bc|2rdamedia
338 |aonline resource|bcr|2rdacarrier
4901 |aScience advisory report, |x1919-5087 ; |v2025/038
500 |aCaption title.
500 |aIssued also in French under title: Évaluation du stock de béluga (Delphinapterus leucas) dans les Îles Belcher-Est de la baie d'Hudson et à la baie James en 2024.
504 |aIncludes bibliographical references (page 13).
650 0|aWhite whale hunting|zHudson Bay.
650 0|aWhite whale hunting|zNunavut|zJames Bay.
7102 |aCanadian Science Advisory Secretariat, |eissuing body.
7101 |aCanada. |bDepartment of Fisheries and Oceans, |eissuing body.
77508|tÉvaluation du stock de béluga (Delphinapterus leucas) dans les Îles Belcher-Est de la baie d’Hudson et à la baie James en 2024.|w(CaOODSP)9.954443
77508|t[Stock assessment of Belcher Islands-eastern Hudson Bay and James Bay beluga (Delphinapterus leucas) in 2024].|w(CaOODSP)9.954841
830#0|aScience advisory report (Canadian Science Advisory Secretariat)|x1919-5087 ; |v2025/038.|w(CaOODSP)9.506226
85640|qPDF|s0.98 MB|uhttps://publications.gc.ca/collections/collection_2025/mpo-dfo/fs70-6/Fs70-6-2025-038-eng.pdf